Southville International School and Colleges
Your cart is empty.
  • Cart
  • Lists
    Public lists Eva Luna New books Lux_list list_1
    Your lists Log in to create your own lists
  • Log in to your account
  • Your cookies
  • Search history
Southville International School and Colleges
  • Advanced search
  • Recent comments
  • Most popular
  • Libraries

Log in to your account

Log in with GOOGLE


If you do not have an external account, but do have a local account, you can still log in:

  1. Home
  2. MARC view: Community radio broadcasting in the Philippines /
Normal view MARC view ISBD view

Community radio broadcasting in the Philippines / (Record no. 340320)

[ view plain ]
MARC details
000 -LEADER
fixed length control field 00776nam a2200289Ia 4500
008 - FIXED-LENGTH DATA ELEMENTS--GENERAL INFORMATION
fixed length control field 170712s9999 xx 000 0 und d
020 ## - INTERNATIONAL STANDARD BOOK NUMBER
International Standard Book Number 9710869159
050 ## - LIBRARY OF CONGRESS CALL NUMBER
Classification number 384.54
050 ## - LIBRARY OF CONGRESS CALL NUMBER
Item number E288 2008
100 ## - MAIN ENTRY--PERSONAL NAME
Personal name Egargo, Fernando N.
245 ## - TITLE STATEMENT
Title Community radio broadcasting in the Philippines /
245 ## - TITLE STATEMENT
Statement of responsibility, etc by Fernando N. Egargo.
260 ## - PUBLICATION, DISTRIBUTION, ETC. (IMPRINT)
Place of publication, distribution, etc Philippines :
260 ## - PUBLICATION, DISTRIBUTION, ETC. (IMPRINT)
Name of publisher, distributor, etc National Book Store,
260 ## - PUBLICATION, DISTRIBUTION, ETC. (IMPRINT)
Date of publication, distribution, etc 2008
300 ## - PHYSICAL DESCRIPTION
Extent 206 pages :
300 ## - PHYSICAL DESCRIPTION
Other physical details illustrations ;
300 ## - PHYSICAL DESCRIPTION
Dimensions 22cm.
500 ## - GENERAL NOTE
General note Includes bibliography.
650 ## - SUBJECT ADDED ENTRY--TOPICAL TERM
Topical term or geographic name as entry element Local mass media --
650 ## - SUBJECT ADDED ENTRY--TOPICAL TERM
Topical term or geographic name as entry element Radio broadcasting --
650 ## - SUBJECT ADDED ENTRY--TOPICAL TERM
Topical term or geographic name as entry element Radio broadcasting --
650 ## - SUBJECT ADDED ENTRY--TOPICAL TERM
Topical term or geographic name as entry element Title.
650 ## - SUBJECT ADDED ENTRY--TOPICAL TERM
General subdivision Philippines -- Social aspects.
650 ## - SUBJECT ADDED ENTRY--TOPICAL TERM
General subdivision Philippines.
650 ## - SUBJECT ADDED ENTRY--TOPICAL TERM
General subdivision Philippines.

No items available.

Community radio broadcasting in the Philippines /

APA

Egargo F. N., .Community radio broadcasting in the Philippines. Philippines: .

Chicago

Egargo Fernando N, .Community radio broadcasting in the Philippines. Philippines: .

Harvard

Egargo F. N., .Community radio broadcasting in the Philippines. Philippines: .

MLA

Egargo Fernando N, .Philippines: . .

  • Print
  • Cite
  • Add to your cart (remove)
  • Save record
    BIBTEX Dublin Core MARCXML MARC (non-Unicode/MARC-8) MARC (Unicode/UTF-8) MARC (Unicode/UTF-8, Standard) MODS (XML) RIS
  • More searches
    Search for this title in:
    Other Libraries (WorldCat) Other Databases (Google Scholar) Online Stores (Bookfinder.com) Open Library (openlibrary.org)

Exporting to Dublin Core...

SOUTHVILLE LIBRARY

Southville International School and Colleges Library

1281 Tropical Ave. Cor. Luxembourg St., BF Homes International, Las Pinas City

Tel. No. 8256374 / 252358 Loc. 117/146

Powered by Koha